Normal view
MARC view
- Macpherson, Heidi Slettedahl
Entry Personal Name
001 - CONTROL NUMBER
- control field: 37061
003 - CONTROL NUMBER IDENTIFIER
- control field: OSt
005 - DATE AND TIME OF LATEST TRANSACTION
- control field: 20150105154714.0
008 - FIXED-LENGTH DATA ELEMENTS
- fixed length control field: 150105|| aca||aabn | a|a d
040 ## - CATALOGING SOURCE
- Original cataloging agency: OSt
100 1# - HEADING--PERSONAL NAME
- Personal name: Macpherson, Heidi Slettedahl